Estudis de sintaxi catalana. (Record no. 171460)

MARC details
000 -LEADER
campo de control de longitud fija 00730nam a22002175i 4500
001 - NÚMERO DE CONTROL
campo de control 171460
003 - IDENTIFICADOR DE NÚMERO DE CONTROL
campo de control ES-MaACL
005 - FECHA Y HORA DE LA ÚLTIMA TRANSACCIÓN
campo de control 20250930063149.0
008 - DATOS DE LONGITUD FIJA--INFORMACIÓN GENERAL
campo de control de longitud fija 090518s1978 sp |||| | cat d
080 ## - NÚMERO DE LA CLASIFICACIÓN DECIMAL UNIVERSAL
Número de la Clasificación Decimal Universal 804.99-56
100 1# - ENTRADA PRINCIPAL--NOMBRE DE PERSONA
Nombre de persona Solà, Joan,
Fechas asociadas al nombre 1940-2010
9 (RLIN) 140178
245 10 - MENCIÓN DEL TÍTULO
Título Estudis de sintaxi catalana.
Número de parte o sección de la obra 2,
Nombre de parte o sección de la obra Reflexions sobre el pronoms febles... concordança del participi passat /
Mención de responsabilidad, etc. Joan Solà.
250 ## - MENCION DE EDICION
Mención de edición 2ª ed.
260 ## - PUBLICACIÓN, DISTRIBUCIÓN, ETC.
Lugar de publicación, distribución, etc. Barcelona :
Nombre del editor, distribuidor, etc. Edicions 62,
Fecha de publicación, distribución, etc. [1978]
300 ## - DESCRIPCIÓN FÍSICA
Extensión 171 p. ;
Dimensiones 18 cm.
490 1# - MENCIÓN DE SERIE
Mención de serie Llibres a l'abast ;
Designación de volumen o secuencia 105
650 14 - PUNTO DE ACCESO ADICIONAL DE MATERIA--TÉRMINO DE MATERIA
Término de materia o nombre geográfico como elemento de entrada Lengua catalana-
Subdivisión general Sintaxis.
9 (RLIN) 140179
830 0# - PUNTO DE ACCESO ADICIONAL DE SERIE-TÍTULO UNIFORME
Título uniforme Llibres a l'abast ;
Designación de volumen o secuencia 105
9 (RLIN) 189023
852 ## - LOCALIZACIÓN
Ubicación ES-MaACL
Número de control de estantería A-9180
itemnumber R.98460
Holdings
Estatus retirado Estado de pérdida Estado de daño No para préstamo Biblioteca de origen Biblioteca actual Ubicación en estantería Fecha de adquisición Fuente de adquisición Total de préstamos Signatura topográfica completa Código de barras Visto por última vez Precio de reemplazo Tipo de ítem Koha
        Biblioteca del Ateneo de Madrid Biblioteca del Ateneo de Madrid Depósito 1 18/05/2009     A-9180 1179935 23/02/2023 23/02/2023 Libro impreso